[Event "Gibtelecom Festival 2010 - Masters"]
[Site "Gibraltar ENG"]
[Date "2010.01.27"]
[Round "3.60"]
[White "Lombart, Philippe"]
[Black "Overeem, Marc"]
[Result "0-1"]
[WhiteElo "1996"]
[BlackElo "2245"]
[PlyCount "84"]
[EventDate "2010.01.26"]
[EventType "swiss"]
[EventRounds "10"]
[EventCountry "ENG"]
[Source "lmi"]
[SourceDate "2010.01.26"]

1. d4 Nf6 2. c4 e6 3. Nc3 Bb4 4. g3 c5 5. a3 Bxc3+ 6. bxc3 Qa5 7. Bd2 O-O 8.
Bg2 Nc6 9. Nh3 Qa6 10. O-O Qxc4 11. dxc5 Qxc5 12. e4 d5 13. exd5 exd5 14. Nf4
Bg4 15. Qb3 Na5 16. Qb4 Qxb4 17. axb4 Nc4 18. Be3 Nxe3 19. fxe3 Rfd8 20. h3 Be6
21. Rfd1 g5 22. Nd3 Rdc8 23. Ra3 b6 24. Rda1 Rc7 25. Ne5 Rac8 26. Rxa7 Rxa7 27.
Rxa7 Rxc3 28. g4 Rxe3 29. Nc6 Rg3 30. b5 Rb3 31. Bf1 Rb1 32. Ra8+ Kg7 33. Nd4
Bd7 34. Rb8 h5 35. Rxb6 hxg4 36. hxg4 Bxg4 37. Kg2 Ne4 38. Bd3 Rb2+ 39. Kg1 Bh3
40. Bxe4 dxe4 41. Rc6 e3 42. Rc2 Rb4 0-1

[Event "Gibtelecom Festival 2010 - Masters"]
[Site "Gibraltar ENG"]
[Date "2010.01.27"]
[Round "3.61"]
[White "Campbell, Ian"]
[Black "Duhayon, Yves"]
[Result "0-1"]
[WhiteElo "2002"]
[BlackElo "2241"]
[PlyCount "90"]
[EventDate "2010.01.26"]
[EventType "swiss"]
[EventRounds "10"]
[EventCountry "ENG"]
[Source "lmi"]
[SourceDate "2010.01.26"]

1. Nf3 Nf6 2. g3 b5 3. Bg2 Bb7 4. O-O e6 5. a4 b4 6. d3 d5 7. e3 Nbd7 8. b3 Bd6
9. Bb2 O-O 10. Nbd2 e5 11. Qe2 Re8 12. e4 dxe4 13. Nxe4 Nxe4 14. dxe4 Nc5 15.
Nd2 Ba6 16. Nc4 Qd7 17. Rfe1 Nb7 18. Bf1 Na5 19. Qd2 Nxc4 20. bxc4 Rad8 21.
Red1 Qe7 22. Qd5 c6 23. Qd2 Bc5 24. Qe1 f6 25. Rxd8 Rxd8 26. Rd1 Bc8 27. Kg2
Rxd1 28. Qxd1 Qd6 29. Bd3 Be6 30. Qh5 Bf7 31. Qg4 Qe6 32. Qe2 Qd7 33. Qe1 a5
34. Qa1 Kf8 35. f4 exf4 36. Bxf6 gxf6 37. Qxf6 Qd4 38. Qxf4 b3 39. Qh6+ Qg7 40.
Qxc6 Qg5 41. cxb3 Be7 42. Qc8+ Kg7 43. Qd7 Bg6 44. h4 Qe5 45. Qd5 Qxd5 0-1

[Event "Gibtelecom Festival 2010 - Masters"]
[Site "Gibraltar ENG"]
[Date "2010.01.27"]
[Round "3.63"]
[White "Zanetti, Bruno"]
[Black "Al-Tamimi, Hamad"]
[Result "0-1"]
[WhiteElo "1978"]
[BlackElo "2238"]
[PlyCount "60"]
[EventDate "2010.01.26"]
[EventType "swiss"]
[EventRounds "10"]
[EventCountry "ENG"]
[Source "lmi"]
[SourceDate "2010.01.26"]

1. d4 d5 2. c4 e6 3. Nf3 Nf6 4. Bg5 Be7 5. e3 O-O 6. Nc3 Nbd7 7. Qc2 c5 8.
O-O-O Qa5 9. g4 cxd4 10. exd4 Bb4 11. Bxf6 Nxf6 12. g5 Nd7 13. h4 Bxc3 14. bxc3
dxc4 15. Bxc4 Nb6 16. Bd3 Nd5 17. Kb2 Bd7 18. Bxh7+ Kh8 19. Rc1 Rac8 20. Be4
Nxc3 21. Qxc3 Rxc3 22. Rxc3 Bc6 23. Bxc6 bxc6 24. Rhc1 Qd5 25. h5 f6 26. g6
Qxh5 27. Rg1 Kg8 28. Rg3 Qf5 29. Rc5 Rb8+ 30. Kc3 Qb1 0-1

[Event "Gibtelecom Festival 2010 - Masters"]
[Site "Gibraltar ENG"]
[Date "2010.01.27"]
[Round "3.65"]
[White "Mikalsen, Erlend"]
[Black "Rioseco Pinochet, Fernan"]
[Result "0-1"]
[WhiteElo "1973"]
[BlackElo "2226"]
[PlyCount "82"]
[EventDate "2010.01.26"]
[EventType "swiss"]
[EventRounds "10"]
[EventCountry "ENG"]
[Source "lmi"]
[SourceDate "2010.01.26"]

1. e4 c5 2. Nf3 d6 3. d4 cxd4 4. Nxd4 Nf6 5. Nc3 Nc6 6. f3 Qb6 7. Nb3 e6 8. a4
Na5 9. Nxa5 Qxa5 10. Bb5+ Nd7 11. Bf4 Qb4 12. Ra3 Qc5 13. Qd2 a6 14. Be3 Qc7
15. Bxd7+ Bxd7 16. a5 Bc6 17. Ra1 Be7 18. O-O O-O 19. Bb6 Qd7 20. Rad1 f5 21.
Rfe1 Rac8 22. exf5 Rxf5 23. Ne4 Rd5 24. Qe2 Bb5 25. Qf2 Rxd1 26. Rxd1 Qc6 27.
Nc3 Bc4 28. Rd2 e5 29. Nd1 Be6 30. b3 d5 31. Nb2 Qc3 32. Na4 Qa1+ 33. Qf1 Qa2
34. Qe2 Bd6 35. c4 Qxb3 36. cxd5 Rc1+ 37. Kf2 Bd7 38. Nb2 Bb5 39. Qe4 Qc3 40.
Be3 Bc5 41. Nd1 Qxd2+ 0-1

[Event "Gibtelecom Festival 2010 - Masters"]
[Site "Gibraltar ENG"]
[Date "2010.01.27"]
[Round "3.66"]
[White "Helin, Mikael"]
[Black "Lyell, Mark"]
[Result "0-1"]
[WhiteElo "1972"]
[BlackElo "2224"]
[PlyCount "62"]
[EventDate "2010.01.26"]
[EventType "swiss"]
[EventRounds "10"]
[EventCountry "ENG"]
[Source "lmi"]
[SourceDate "2010.01.26"]

1. e4 e5 2. Nc3 Nc6 3. f4 exf4 4. Nf3 g5 5. h4 g4 6. Ng5 h6 7. Nxf7 Kxf7 8.
Bc4+ d5 9. Bxd5+ Ke8 10. d4 f3 11. g3 Nf6 12. Kf2 Bb4 13. Re1 Nxd5 14. exd5+
Ne7 15. Qd3 Kf7 16. Qc4 Bd6 17. Ne4 Nf5 18. Nxd6+ Nxd6 19. Qb3 Bf5 20. Bf4 Re8
21. Rad1 Rxe1 22. Rxe1 Qd7 23. a4 Re8 24. Be5 Kg6 25. c4 Ne4+ 26. Rxe4 Bxe4 27.
Qe3 Bb1 28. Qf4 Qf5 29. Kg1 Qxf4 30. gxf4 Kf5 31. c5 g3 0-1

[Event "Gibtelecom Festival 2010 - Masters"]
[Site "Gibraltar ENG"]
[Date "2010.01.27"]
[Round "3.67"]
[White "Chapman, Terry P D"]
[Black "Stanek, Stanislav"]
[Result "1-0"]
[WhiteElo "2221"]
[BlackElo "2007"]
[PlyCount "83"]
[EventDate "2010.01.26"]
[EventType "swiss"]
[EventRounds "10"]
[EventCountry "ENG"]
[Source "lmi"]
[SourceDate "2010.01.26"]

1. Nf3 d6 2. d4 Bg4 3. e4 Nd7 4. h3 Bh5 5. Nc3 e5 6. g4 Bg6 7. h4 h5 8. g5 c6
9. Be3 Ne7 10. Bh3 f5 11. gxf6 gxf6 12. Qe2 Qc7 13. O-O-O Rd8 14. Kb1 Nb6 15.
Rhg1 Bf7 16. dxe5 dxe5 17. Rxd8+ Qxd8 18. Rd1 Qc7 19. Bxb6 axb6 20. Bd7+ Qxd7
21. Rxd7 Kxd7 22. b4 b5 23. a4 bxa4 24. Nxa4 Kc7 25. b5 Nc8 26. bxc6 bxc6 27.
Qa6 Be7 28. Qa5+ Kd7 29. Nd2 Rd8 30. Nb3 Ke8 31. Qc7 Nd6 32. Nb6 Be6 33. Qxc6+
Kf7 34. Nc5 Bh3 35. Qd5+ Kg6 36. Qc6 Kf7 37. Kc1 Bg4 38. c3 Ne8 39. f3 Rd6 40.
Qb7 Be6 41. Nxe6 Kxe6 42. Nc8 1-0

[Event "Gibtelecom Festival 2010 - Masters"]
[Site "Gibraltar ENG"]
[Date "2010.01.27"]
[Round "3.72"]
[White "Urbina Perez, Juan Antonio"]
[Black "Green, Per"]
[Result "1-0"]
[WhiteElo "2197"]
[BlackElo "1970"]
[PlyCount "101"]
[EventDate "2010.01.26"]
[EventType "swiss"]
[EventRounds "10"]
[EventCountry "ENG"]
[Source "lmi"]
[SourceDate "2010.01.26"]

1. e4 e6 2. d4 d5 3. Nd2 Nf6 4. e5 Nfd7 5. c3 c5 6. Bd3 Nc6 7. Ne2 cxd4 8. cxd4
f6 9. exf6 Nxf6 10. Nf3 Bd6 11. O-O O-O 12. Bf4 Bxf4 13. Nxf4 Ne4 14. Qc1 Qf6
15. Nh5 Qf7 16. Ng3 Nxg3 17. fxg3 Qh5 18. Bb5 Rxf3 19. gxf3 Nxd4 20. Qc5 Qe5
21. Rae1 Qf6 22. Ba4 b6 23. Qc3 Ba6 24. Rf2 Rc8 25. Qe3 b5 26. Bd1 Rc6 27. Rd2
Nf5 28. Qxa7 Qd8 29. Rde2 Bc8 30. Rc2 Rxc2 31. Bxc2 Nd6 32. Bd3 Bd7 33. Rc1 Nc4
34. b3 Ne5 35. Be2 Nc6 36. Qb7 Nd4 37. Kf2 Kf8 38. Qa7 Nxe2 39. Kxe2 Qg5 40.
Qe3 Qh5 41. Qf4+ Ke8 42. g4 Qg6 43. Qe5 Ke7 44. Rc7 Qf6 45. f4 Qh6 46. h3 g6
47. Rb7 Qf8 48. Qc7 Qd8 49. Qc5+ Kf6 50. Qd6 Qc8 51. g5+ 1-0

[Event "Gibtelecom Festival 2010 - Masters"]
[Site "Gibraltar ENG"]
[Date "2010.01.27"]
[Round "3.73"]
[White "Boesch, Heinz"]
[Black "Byron, Alan M"]
[Result "0-1"]
[WhiteElo "1948"]
[BlackElo "2196"]
[PlyCount "103"]
[EventDate "2010.01.26"]
[EventType "swiss"]
[EventRounds "10"]
[EventCountry "ENG"]
[Source "lmi"]
[SourceDate "2010.01.26"]

1. e4 c5 2. d4 cxd4 3. c3 d3 4. Bxd3 Nc6 5. c4 g6 6. Nf3 Bg7 7. Nc3 d6 8. h3
Nf6 9. O-O O-O 10. Bg5 Bd7 11. Rc1 a6 12. Qe2 Rc8 13. Rfd1 h6 14. Be3 Qa5 15.
Nd4 Nxd4 16. Bxd4 Be6 17. b3 Qg5 18. Be3 Qh4 19. Nd5 Bxd5 20. exd5 Nh5 21. Qg4
Qxg4 22. hxg4 Nf6 23. f3 Nd7 24. Be2 Kh7 25. Kf2 Rh8 26. Rh1 Kg8 27. Rh3 Nf6
28. Rch1 h5 29. gxh5 Rxh5 30. Rxh5 Nxh5 31. g4 Nf6 32. Bd3 Nd7 33. Rd1 Bc3 34.
Be4 Bb4 35. f4 Bc5 36. Kf3 Bxe3 37. Kxe3 Kg7 38. Rh1 a5 39. Kd4 Nc5 40. Rh3 Rb8
41. a3 b5 42. b4 axb4 43. axb4 Nxe4 44. Kxe4 bxc4 45. Rc3 Rxb4 46. Kd4 Kf6 47.
Rf3 Rb3 48. Rf2 Rg3 49. g5+ Kf5 50. Kxc4 Rg4 51. Re2 Rxf4+ 52. Kd3 0-1

[Event "Gibtelecom Festival 2010 - Masters"]
[Site "Gibraltar ENG"]
[Date "2010.01.27"]
[Round "3.74"]
[White "Martsynovskaya, Marina"]
[Black "Andersen, Niels Erik"]
[Result "1-0"]
[WhiteElo "2184"]
[BlackElo "1965"]
[PlyCount "47"]
[EventDate "2010.01.26"]
[EventType "swiss"]
[EventRounds "10"]
[EventCountry "ENG"]
[Source "lmi"]
[SourceDate "2010.01.26"]

1. e4 c5 2. Nf3 d6 3. d4 cxd4 4. Nxd4 Nf6 5. Nc3 a6 6. a4 e5 7. Nf3 Be7 8. Be2
O-O 9. O-O Nbd7 10. Re1 Nc5 11. Bf1 b6 12. b4 Ncd7 13. Ba3 Qc7 14. Nd5 Nxd5 15.
exd5 f5 16. Nd4 Nb8 17. Nb3 Bd7 18. Bb2 Be8 19. c4 Nd7 20. a5 Rb8 21. axb6 Rxb6
22. Ba3 Qb8 23. Nd4 Nf6 24. Nxf5 1-0

[Event "Gibtelecom Festival 2010 - Masters"]
[Site "Gibraltar ENG"]
[Date "2010.01.27"]
[Round "3.75"]
[White "Skage, Oystein Aagedal"]
[Black "Byrn, Carsten"]
[Result "1/2-1/2"]
[WhiteElo "1935"]
[BlackElo "2171"]
[PlyCount "82"]
[EventDate "2010.01.26"]
[EventType "swiss"]
[EventRounds "10"]
[EventCountry "ENG"]
[Source "lmi"]
[SourceDate "2010.01.26"]

1. e4 c5 2. Nf3 e6 3. d4 cxd4 4. Nxd4 Nf6 5. Nc3 Nc6 6. Ndb5 d6 7. Bf4 e5 8.
Bg5 a6 9. Na3 b5 10. Nd5 Be7 11. Bxf6 Bxf6 12. c3 O-O 13. Nc2 Bg5 14. a4 bxa4
15. Rxa4 a5 16. Bc4 Bd7 17. Ra2 Ne7 18. h4 Bh6 19. g4 Bf4 20. Nxf4 exf4 21.
Qxd6 Bxg4 22. Qxd8 Rfxd8 23. Nd4 Nc6 24. Bd5 Nxd4 25. cxd4 Be6 26. Bxe6 fxe6
27. Ra4 Rab8 28. Ke2 Rxb2+ 29. Kf3 Rd2 30. Kxf4 R8xd4 31. Rxa5 Rxf2+ 32. Ke5
Rd8 33. Ra6 Rf6 34. Rxe6 Rxe6+ 35. Kxe6 Re8+ 36. Kf5 Rf8+ 37. Kg5 Re8 38. Re1
Re5+ 39. Kf4 Rh5 40. Kg4 Re5 41. Kf4 Rh5 1/2-1/2

[Event "Gibtelecom Festival 2010 - Masters"]
[Site "Gibraltar ENG"]
[Date "2010.01.27"]
[Round "3.79"]
[White "Grant, David"]
[Black "Groffen, Hans"]
[Result "0-1"]
[WhiteElo "1913"]
[BlackElo "2150"]
[PlyCount "60"]
[EventDate "2010.01.26"]
[EventType "swiss"]
[EventRounds "10"]
[EventCountry "ENG"]
[Source "lmi"]
[SourceDate "2010.01.26"]

1. e4 e6 2. d4 d5 3. e5 c5 4. c3 Nc6 5. Nf3 Bd7 6. Bd3 Qb6 7. dxc5 Bxc5 8. O-O
Qc7 9. b4 Bb6 10. Bf4 Nge7 11. Qe2 Ng6 12. Bg3 a5 13. Na3 Nce7 14. Nb5 Bxb5 15.
Bxb5+ Nc6 16. Rfe1 O-O 17. h4 Rfc8 18. a3 axb4 19. cxb4 Nd4 20. Qd3 Qc3 21. h5
Ne7 22. a4 Qxd3 23. Bxd3 Nxf3+ 24. gxf3 Rc3 25. a5 Bd4 26. a6 bxa6 27. Rxa6 Rb8
28. Be2 g5 29. hxg6 Nxg6 30. f4 Rxg3+ 0-1

[Event "Gibtelecom Festival 2010 - Masters"]
[Site "Gibraltar ENG"]
[Date "2010.01.27"]
[Round "3.80"]
[White "Pereira, Johnharry"]
[Black "Weber, Francois"]
[Result "1-0"]
[WhiteElo "1892"]
[BlackElo "2149"]
[PlyCount "145"]
[EventDate "2010.01.26"]
[EventType "swiss"]
[EventRounds "10"]
[EventCountry "ENG"]
[Source "lmi"]
[SourceDate "2010.01.26"]

1. d4 f5 2. Nc3 Nf6 3. Bg5 d5 4. Bxf6 exf6 5. e3 c6 6. Bd3 Qa5 7. a3 g6 8. h4
h5 9. Nh3 Be6 10. b4 Qc7 11. g3 Nd7 12. Na4 b5 13. Nf4 Bf7 14. Nc5 Nb6 15. O-O
Bd6 16. Qf3 Nc4 17. Rfe1 Bxc5 18. Bxc4 Bd6 19. Bd3 Kf8 20. c3 Kg7 21. a4 a6 22.
a5 Rae8 23. Ne2 Be6 24. Nc1 Bc8 25. Nb3 Re7 26. Ra2 Rhe8 27. Nc5 Kh6 28. Be2
Rh8 29. Nd3 Kg7 30. Raa1 Ree8 31. Bf1 Qf7 32. Bh3 Kh6 33. Kh1 Rhg8 34. Rg1 Kg7
35. Rae1 Kf8 36. Bf1 Re4 37. Nc5 Re8 38. Bd3 Bb8 39. Be2 Rh8 40. Bd3 Bd6 41.
Kg2 Rg8 42. Kf1 Rg7 43. Qh1 Kg8 44. Nb3 Qe7 45. Ke2 Qc7 46. Kd2 Rge7 47. Kc2
Kg7 48. Qf3 Be6 49. Nc1 Kf8 50. Ne2 Bg8 51. Nf4 Rg7 52. Ng2 Qe7 53. Rb1 Bh7 54.
Nf4 Qf7 55. Qd1 Qg8 56. Kb2 Qf7 57. Bc2 Bg8 58. Nd3 Qc7 59. Nc5 Qc8 60. Qd2
Rge7 61. Rbe1 Rd8 62. f3 Bxc5 63. dxc5 Qe6 64. Qd4 Rde8 65. g4 hxg4 66. fxg4
Rg7 67. gxf5 gxf5 68. h5 Rxg1 69. Rxg1 Bf7 70. h6 Qxe3 71. Qxf6 d4 72. cxd4 Qd2
73. Rg8+ 1-0

[Event "Gibtelecom Festival 2010 - Masters"]
[Site "Gibraltar ENG"]
[Date "2010.01.27"]
[Round "3.81"]
[White "Molina, Antonio"]
[Black "Steinskog, Asbjorn Ottesen"]
[Result "1/2-1/2"]
[WhiteElo "2148"]
[BlackElo "1884"]
[PlyCount "100"]
[EventDate "2010.01.26"]
[EventType "swiss"]
[EventRounds "10"]
[EventCountry "ENG"]
[Source "lmi"]
[SourceDate "2010.01.26"]

1. d4 d5 2. c4 e6 3. Nc3 Nf6 4. cxd5 exd5 5. Bg5 c6 6. Qc2 Bd6 7. e3 O-O 8. Bd3
h6 9. Bh4 Nbd7 10. Nge2 b6 11. f3 Bb7 12. e4 dxe4 13. fxe4 Be7 14. O-O Ng4 15.
Bxe7 Qxe7 16. Qd2 c5 17. d5 Nde5 18. h3 Nxd3 19. Qxd3 Ne5 20. Qg3 Ng6 21. Rf2
Ba6 22. Re1 Qe5 23. Rf5 Qxg3 24. Nxg3 Rfe8 25. Rd1 Rad8 26. b3 Bc8 27. Rf2 Bd7
28. Nf5 Bxf5 29. Rxf5 Rd7 30. Rf2 Ne5 31. Re2 Ng6 32. g3 f5 33. exf5 Rxe2 34.
Nxe2 Ne7 35. g4 Rxd5 36. Rxd5 Nxd5 37. Kf2 Kf7 38. Kf3 Ke7 39. Ke4 Kd6 40. h4
Nf6+ 41. Kf3 Nd5 42. Nf4 Nxf4 43. Kxf4 b5 44. Ke4 c4 45. bxc4 bxc4 46. g5 hxg5
47. hxg5 c3 48. Kd3 Ke5 49. f6 gxf6 50. gxf6 Kxf6 1/2-1/2

[Event "Gibtelecom Festival 2010 - Masters"]
[Site "Gibraltar ENG"]
[Date "2010.01.27"]
[Round "3.82"]
[White "Thingstad, Even"]
[Black "Fox, Pierre"]
[Result "0-1"]
[WhiteElo "2141"]
[BlackElo "1788"]
[PlyCount "65"]
[EventDate "2010.01.26"]
[EventType "swiss"]
[EventRounds "10"]
[EventCountry "ENG"]
[Source "lmi"]
[SourceDate "2010.01.26"]

1. d4 d5 2. c4 e6 3. Nc3 Bb4 4. Nf3 Nf6 5. Bg5 dxc4 6. Qa4+ Nc6 7. Ne5 Qxd4 8.
Bd2 Qxe5 9. e3 Qa5 10. Qc2 b5 11. Be2 Bb7 12. O-O O-O 13. f4 Qb6 14. Rf3 Ne7
15. Rh3 Ng6 16. Rf1 Bd6 17. Kh1 b4 18. Nd1 b3 19. Qb1 Be4 20. Qa1 Rad8 21. Bc3
Qc6 22. Rg1 Bf5 23. Bf3 Ne4 24. g4 Qa6 25. gxf5 exf5 26. Bxe4 fxe4 27. f5 Ne5
28. Nf2 f6 29. Qd1 Nf3 30. Qd5+ Kh8 31. a3 Nxg1 32. Rh5 Ne2 33. Qd1 0-1

[Event "Gibtelecom Festival 2010 - Masters"]
[Site "Gibraltar ENG"]
[Date "2010.01.27"]
[Round "3.83"]
[White "Valhondo Morales, Ruben"]
[Black "Daoudi, Kamal"]
[Result "1-0"]
[WhiteElo "1762"]
[BlackElo "2142"]
[PlyCount "91"]
[EventDate "2010.01.26"]
[EventType "swiss"]
[EventRounds "10"]
[EventCountry "ENG"]
[Source "lmi"]
[SourceDate "2010.01.26"]

1. e4 e5 2. Nf3 Nc6 3. Bb5 a6 4. Ba4 Nf6 5. Qe2 b5 6. Bb3 Be7 7. c3 d6 8. O-O
O-O 9. Rd1 Na5 10. Bc2 c5 11. d4 Qc7 12. d5 Bg4 13. h3 Bh5 14. Nbd2 Bg6 15. Nf1
Nh5 16. g4 Nf6 17. Ng3 c4 18. Nf5 Bxf5 19. gxf5 g6 20. Bh6 Rfe8 21. Kh1 Bf8 22.
Qd2 Qe7 23. Rg1 Nb7 24. Bxf8 Qxf8 25. Nh4 Nc5 26. Qg5 Ncxe4 27. Qg2 Qh6 28.
fxg6 fxg6 29. Bxe4 Qxh4 30. Bxg6 Re7 31. Bf5+ Kh8 32. Be6 a5 33. Rae1 Qh6 34.
Re3 Rg7 35. Rg3 Nh5 36. Rxg7 Nxg7 37. Bd7 Rf8 38. Bxb5 Rf4 39. b3 Qf6 40. Bxc4
e4 41. Re1 Rxf2 42. Qxf2 Qxf2 43. Rf1 Qxf1+ 44. Bxf1 Nf5 45. b4 a4 46. b5 1-0

[Event "Gibtelecom Festival 2010 - Masters"]
[Site "Gibraltar ENG"]
[Date "2010.01.27"]
[Round "3.85"]
[White "Frey, Matthias"]
[Black "Montero Melendez, Rafael"]
[Result "1-0"]
[WhiteElo "1907"]
[BlackElo "2248"]
[PlyCount "83"]
[EventDate "2010.01.26"]
[EventType "swiss"]
[EventRounds "10"]
[EventCountry "ENG"]
[Source "lmi"]
[SourceDate "2010.01.26"]

1. e4 d6 2. d4 Nf6 3. Nc3 g6 4. f4 Bg7 5. Nf3 c5 6. Be3 cxd4 7. Nxd4 Nc6 8. Qd2
O-O 9. O-O-O Bd7 10. h3 Nxd4 11. Bxd4 Bc6 12. Qe3 Qa5 13. Kb1 b5 14. e5 dxe5
15. fxe5 Nd5 16. Nxd5 Bxd5 17. b3 e6 18. h4 Rfc8 19. Rh3 Rc6 20. Qd2 Qxd2 21.
Rxd2 a6 22. g4 h6 23. Bd3 Rd8 24. Bb2 Rcc8 25. Re3 Bf8 26. Be2 Be7 27. Rh3 Bb4
28. Rd1 Rd7 29. Bf3 Rcd8 30. Bxd5 Rxd5 31. Rhd3 Rxd3 32. cxd3 Be7 33. h5 Kg7
34. d4 f6 35. Rc1 gxh5 36. gxh5 f5 37. Rg1+ Kf7 38. Bc1 Rxd4 39. Bxh6 Rh4 40.
Rg7+ Kf8 41. Rxe7+ Kg8 42. Rxe6 1-0

[Event "Gibtelecom Festival 2010 - Masters"]
[Site "Gibraltar ENG"]
[Date "2010.01.27"]
[Round "3.86"]
[White "Arnott, Jonathan W"]
[Black "Benitah, Yohan"]
[Result "0-1"]
[WhiteElo "2154"]
[BlackElo "2390"]
[PlyCount "74"]
[EventDate "2010.01.26"]
[EventType "swiss"]
[EventRounds "10"]
[EventCountry "ENG"]
[Source "lmi"]
[SourceDate "2010.01.26"]

1. e4 c5 2. Nf3 d6 3. Bb5+ Nd7 4. O-O Ngf6 5. d4 cxd4 6. Qxd4 e5 7. Qd3 Be7 8.
c4 O-O 9. Bxd7 Bxd7 10. Nc3 h6 11. Be3 a6 12. Rfd1 Qc7 13. Rac1 Bg4 14. Nd5
Nxd5 15. cxd5 Qd7 16. Bb6 Rac8 17. h3 Bh5 18. Rxc8 Rxc8 19. Kh2 Qa4 20. a3 Bg6
21. Re1 Qc2 22. Qe2 Qxe2 23. Rxe2 Rc4 24. Re3 Rc2 25. b4 Rxf2 26. Rc3 Re2 27.
Rc8+ Kh7 28. Rc7 Bf6 29. Rxb7 Bxe4 30. Kg3 Bxd5 31. Rd7 Bg5 32. Nxg5+ hxg5 33.
Bf2 f5 34. Rxd6 Be4 35. Rxa6 f4+ 36. Kg4 Rxf2 37. Kxg5 Rxg2+ 0-1

[Event "Gibtelecom Festival 2010 - Masters"]
[Site "Gibraltar ENG"]
[Date "2010.01.27"]
[Round "3.88"]
[White "Hughes, Roy"]
[Black "Andre, Gordon"]
[Result "0-1"]
[WhiteElo "1976"]
[BlackElo "2308"]
[PlyCount "74"]
[EventDate "2010.01.26"]
[EventType "swiss"]
[EventRounds "10"]
[EventCountry "ENG"]
[Source "lmi"]
[SourceDate "2010.01.26"]

1. e4 d6 2. Nc3 g6 3. f4 Bg7 4. Nf3 a6 5. g3 b5 6. Bg2 Bb7 7. d3 e6 8. O-O Ne7
9. Ne2 Nd7 10. c3 c5 11. Qc2 Qc7 12. Be3 O-O 13. h3 a5 14. g4 d5 15. Bf2 c4 16.
e5 cxd3 17. Qxd3 Nc5 18. Qxb5 Ne4 19. Bb6 Qb8 20. Be3 Ba6 21. Qxb8 Rfxb8 22.
Rfe1 Rxb2 23. Ned4 Nxc3 24. Bd2 Ne4 25. Bc1 Rb7 26. Ba3 Rc8 27. Rab1 Rcb8 28.
Rxb7 Rxb7 29. Rc1 Bh6 30. g5 Bf8 31. Kh2 Bc4 32. Rc2 Nf5 33. Bc1 Bc5 34. Nb3
Bxb3 35. axb3 Rxb3 36. Nd2 Nxd2 37. Rxc5 Nc4 0-1

[Event "Gibtelecom Festival 2010 - Masters"]
[Site "Gibraltar ENG"]
[Date "2010.01.27"]
[Round "3.90"]
[White "Royset, Paal"]
[Black "Brown, Thomas"]
[Result "0-1"]
[WhiteElo "2279"]
[BlackElo "2064"]
[PlyCount "102"]
[EventDate "2010.01.26"]
[EventType "swiss"]
[EventRounds "10"]
[EventCountry "ENG"]
[Source "lmi"]
[SourceDate "2010.01.26"]

1. e4 c6 2. d4 d5 3. exd5 cxd5 4. c4 Nf6 5. Nc3 Nc6 6. Bg5 Be6 7. a3 g6 8. Bxf6
exf6 9. Nf3 Bh6 10. Be2 O-O 11. O-O Re8 12. b4 g5 13. Ra2 f5 14. b5 Ne7 15. c5
f4 16. Bd3 Kh8 17. Ne5 Kg7 18. g3 Ng6 19. Re1 g4 20. Bb1 Qg5 21. Bd3 Re7 22.
Rae2 f3 23. Re3 Qh5 24. Nxg6 Bxe3 25. Nh4 Bg5 26. Re5 f6 27. Nf5+ Kf8 28. Rxd5
Bxd5 29. Nxe7 Be6 30. Ned5 Rd8 31. Nc7 Qf7 32. Qe1 Bc8 33. N7d5 Rxd5 34. Bc4
Be6 35. Qe4 f5 36. Qe1 Bf6 37. Bxd5 Bxd5 38. Qd2 Qe6 39. Qh6+ Bg7 40. Qd2 Bxd4
41. h4 Bxc3 42. Qxc3 Kf7 43. Qd4 Qe4 44. Qd2 Be6 45. Qc1 Bd5 46. Qd2 h6 47. Kh2
Kg6 48. Kg1 Qe2 49. Qc1 f4 50. Qb1+ Be4 51. Qb4 fxg3 0-1

[Event "Gibtelecom Festival 2010 - Masters"]
[Site "Gibraltar ENG"]
[Date "2010.01.27"]
[Round "3.91"]
[White "Hartvig, Ove Weiss"]
[Black "Jacobsen, Fredrik Beer"]
[Result "1/2-1/2"]
[WhiteElo "2245"]
[BlackElo "1952"]
[PlyCount "107"]
[EventDate "2010.01.26"]
[EventType "swiss"]
[EventRounds "10"]
[EventCountry "ENG"]
[Source "lmi"]
[SourceDate "2010.01.26"]

1. e4 e5 2. Nf3 Nc6 3. Bb5 a6 4. Bxc6 dxc6 5. O-O Bg4 6. h3 h5 7. d3 Qf6 8. Be3
Bxf3 9. Qxf3 Qxf3 10. gxf3 Bd6 11. Nd2 f5 12. exf5 O-O-O 13. Ne4 Nh6 14. Nxd6+
cxd6 15. f4 exf4 16. Bxf4 Nxf5 17. c3 Rhf8 18. Bg5 Rde8 19. Rfe1 Kd7 20. Kf1
Ng3+ 21. Kg2 Ne2 22. Be3 Nf4+ 23. Bxf4 Rxf4 24. Rxe8 Kxe8 25. Re1+ Kf7 26. Kg3
g5 27. f3 h4+ 28. Kf2 Rf6 29. Re4 Rf4 30. Ke3 Rxe4+ 31. fxe4 Kf6 32. Kf3 a5 33.
Kg4 b5 34. d4 c5 35. e5+ dxe5 36. dxe5+ Kxe5 37. Kxg5 c4 38. Kxh4 Kf4 39. Kh5
b4 40. a3 bxc3 41. bxc3 Ke3 42. Kg6 Kd3 43. h4 Kxc3 44. h5 Kb3 45. h6 c3 46. h7
c2 47. h8=Q c1=Q 48. Qf8 Qxa3 49. Qf3+ Ka2 50. Qd5+ Kb1 51. Qd1+ Qc1 52. Qb3+
Qb2 53. Qd1+ Ka2 54. Qd5+ 1/2-1/2

[Event "Gibtelecom Festival 2010 - Masters"]
[Site "Gibraltar ENG"]
[Date "2010.01.27"]
[Round "3.92"]
[White "Johnson, Paul A"]
[Black "Lacrosse, Marc"]
[Result "0-1"]
[WhiteElo "1904"]
[BlackElo "2220"]
[PlyCount "64"]
[EventDate "2010.01.26"]
[EventType "swiss"]
[EventRounds "10"]
[EventCountry "ENG"]
[Source "lmi"]
[SourceDate "2010.01.26"]

1. d4 d5 2. c4 e6 3. Nc3 Nf6 4. cxd5 exd5 5. Bg5 c6 6. e3 Nbd7 7. Nf3 Be7 8.
Bd3 O-O 9. Qc2 Re8 10. O-O-O a5 11. h3 a4 12. g4 a3 13. b3 Nf8 14. Ne5 N6d7 15.
Bf4 Nxe5 16. Bxe5 Be6 17. g5 Bxg5 18. Rdg1 f6 19. Bg3 Rc8 20. f4 Bh6 21. Na4
Bd7 22. Nc5 Rxe3 23. Bf2 Bxf4 24. Kb1 Re7 25. Nxd7 Qxd7 26. Bf5 Ne6 27. Bxh7+
Kh8 28. Bf5 Qd6 29. Qd1 Bh6 30. Qh5 Qf4 31. Rg2 Qd2 32. Bc2 Qc3 0-1

[Event "Gibtelecom Festival 2010 - Masters"]
[Site "Gibraltar ENG"]
[Date "2010.01.27"]
[Round "3.93"]
[White "Matto, Manuel"]
[Black "Tscharotschkin, Michael"]
[Result "0-1"]
[WhiteElo "1824"]
[BlackElo "2211"]
[PlyCount "60"]
[EventDate "2010.01.26"]
[EventType "swiss"]
[EventRounds "10"]
[EventCountry "ENG"]
[Source "lmi"]
[SourceDate "2010.01.26"]

1. d4 d5 2. Nf3 Bf5 3. Nc3 e6 4. a3 Nf6 5. g3 h6 6. Bg2 Be7 7. Bd2 O-O 8. Qc1
Ne4 9. h3 Nxd2 10. Qxd2 c5 11. g4 Bh7 12. h4 cxd4 13. Nxd4 Bxh4 14. Nf3 Bf6 15.
O-O-O Qa5 16. Nd4 Nc6 17. Nb3 Bxc3 18. Qxc3 Qxc3 19. bxc3 Ne5 20. Rh4 Rfc8 21.
g5 Rxc3 22. e4 Rac8 23. Nd4 Nd3+ 24. Kb1 Nxf2 25. Rd2 Nxe4 26. Bxe4 Bxe4 27.
gxh6 gxh6 28. Rxh6 e5 29. Rd1 exd4 30. Rg1+ Kf8 0-1